|
|
|
|
| LEADER |
00000nab a2200000 a 4500 |
| 001 |
vtls000406603 |
| 003 |
SK-MaSNL |
| 005 |
20260304081127.0 |
| 008 |
250424c1990 xo 0 slo |
| 015 |
|
|
|a SNBRA19rr/mm-uuuuu
|
| 035 |
|
|
|a CL0406727
|
| 035 |
|
|
|a urn:nbn:sk:snk-abamrf
|
| 035 |
|
|
|a (urnnbn)urn:nbn:sk:snk:ar-008k4k
|
| 035 |
|
|
|a (uuid)03123607-61ab-4883-b790-c073a5ac9fca
|
| 040 |
|
|
|a SNKBUCL
|b slo
|c SNKBUCL
|e AACR2
|
| 041 |
0 |
|
|a slo
|
| 044 |
|
|
|a xo
|c SK
|
| 080 |
|
|
|a 551.435.88
|2 1981
|
| 100 |
1 |
|
|a Bella, Pavel,
|d 1962-
|4 aut
|9 251968
|
| 245 |
1 |
0 |
|a V. N. Andrejčuk: Tektoničeskij faktor v razvitii suľfalnogo karsta bukoviny (podzemnyj karst, razvitie karsta, ustojčivosť territorii)
|c Pavel Bella
|
| 650 |
0 |
7 |
|a sulfátový kras
|2 snkbucl
|9 1300373
|
| 651 |
|
7 |
|a Bukovina (Bukovinské Karpaty)
|2 snkbucl
|9 1300374
|
| 655 |
|
7 |
|a články zo zborníkov
|2 snkbucl
|9 166140
|
| 773 |
0 |
|
|t Slovenský kras 28
|d Martin : Osveta, 1990
|g S. 246-248
|
| 787 |
0 |
8 |
|i Rec.:
|a Andrejčuk, V. N.
|t Tektoničeskij faktor v razvitii suľfatnogo karsta Bukoviny (Podzemnyj karst, razvitie karsta, ustojčivosť territorii)
|d Naučnyje doklady AN SSSR : Sverdlovsk, 1988
|
| 850 |
|
|
|a Slovenská národná knižnica
|
| 852 |
|
|
|a Slovenská národná knižnica
|
| 958 |
|
|
|a article14
|
| 958 |
|
|
|a OND
|
| 958 |
|
|
|a RK
|
| 958 |
|
|
|a EUIPO
|
| 992 |
|
|
|a RZB
|
| 999 |
|
|
|c 2789614
|d 2791544
|